Guess the 1960s song lyrics #361 - Statistics

General Stats
  • This quiz has been taken 9 times
  • The average score is 87 of 162
Answer Stats
Answer % Correct
I
100%
it
100%
the
100%
to
100%
a
86%
Do
86%
go
86%
it's
86%
on
86%
you
86%
your
86%
did
71%
down
71%
now
71%
up
71%
And
57%
baby
57%
gonna
57%
then
57%
Then
57%
they
57%
We're
57%
we're
57%
what
57%
going
43%
high
43%
Junior Walker
43%
said
43%
say
43%
shoes
43%
blues
29%
em
29%
fore
29%
heel
29%
Hey
29%
listen
29%
load
29%
pick
29%
Put
29%
run
29%
Shoot
29%
shoot
29%
shotgun
29%
time
29%
buy
14%
dig
14%
downtown
14%
dress
14%
here
14%
jerk
14%
play
14%
potatoes
14%
red
14%
tomatoes
14%
twine
14%
yourself
14%
break
0%
dirty
0%
No matching quizzes found
Score Distribution
Percent of People with Each Score
Percentile by Number Answered
Your Score History
You have not taken this quiz